Introducción a la historia
Salvato in:
| Autore principale: | |
|---|---|
| Natura: | Libro |
| Lingua: | spagnolo |
| Pubblicazione: |
Ciudad de México
Fondo de Cultura Económica
1957
|
| Edizione: | 2a. ed |
| Serie: | Breviarios del Fondo de Cultura Económica, 64
|
| Soggetti: | |
| Tags: |
Aggiungi Tag
Nessun Tag, puoi essere il primo ad aggiungerne!!
|
MARC
| LEADER | 00000cam a2200000 a 4500 | ||
|---|---|---|---|
| 001 | UCS2408 | ||
| 003 | CL-VaPUC | ||
| 008 | 970526e19570000MX |||||||||||||||||spa|d | ||
| 082 | 0 | 4 | |a 907.2 |b BLO |2 21 |
| 100 | |a Bloch, Marc Leopold |e author |9 387798 | ||
| 245 | 1 | 0 | |a Introducción a la historia |
| 250 | |a 2a. ed | ||
| 300 | |a 159 p | ||
| 942 | |c BK | ||
| 945 | |d 19970526 00:00:00 |a lriquelm | ||
| 260 | |a Ciudad de México |b Fondo de Cultura Económica |c 1957 | ||
| 650 | 0 | |a Historiografía |9 257871 | |
| 650 | 0 | |a Filosofía de la historia |9 265651 | |
| 650 | 0 | |a Análisis histórico |9 338000 | |
| 650 | 0 | |a Investigación histórica |9 344844 | |
| 583 | |a last modification |c 20120417 05:49:33 |k Rodrigo Vera | ||
| 490 | 0 | |a Breviarios del Fondo de Cultura Económica, 64 | |
| 999 | |c 260368 |d 260366 | ||
| 952 | |0 0 |1 0 |4 0 |6 907_200000000000000_BLO_1957 |7 0 |8 A |9 286447 |a BIBHIS |b BIBHIS |d 2019-11-19 |i 1367218 |o 907.2 BLO 1957 |p 1367218 |r 2025-01-20 |w 2019-11-19 |y BK |k HIS | ||
| 952 | |0 0 |1 0 |4 0 |6 907_200000000000000_BLO_1957 |7 0 |8 A |9 286448 |a BIBHIS |b BIBHIS |d 2019-11-19 |i 4854918 |l 6 |m 1 |o 907.2 BLO 1957 |p 4854918 |r 2025-01-20 |s 2024-04-16 |w 2019-11-19 |y BK |k HIS | ||